000 00456nam a2200181Ia 4500
001 8789
005 20260306160635.0
008 260306t2014||||xx |||||||||||||| ||spa||
041 _aESP
082 _a371.334
_bP43
100 _aPerelman, Flora
_eAUT
245 0 _aHerramientas para enseñar a leer y producir en medios digitales
260 _c2014
300 _a128 páginas :
_c20 cm.
650 _aGEN
654 _aCED
942 _cLIB
_dJUS
_fJUS
_2ddc
_n
999 _c8789
_d8789